| 000 | 00840nam a22002177a 4500 | ||
|---|---|---|---|
| 005 | 20251108173608.0 | ||
| 008 | 250721s2005 xx 000 0 ara d | ||
| 082 | 1 | 4 | _aم/ 216.532/ موس |
| 100 | 1 | _aالسعدي، عبد الرحمن ناصر | |
| 245 | 1 | 0 |
_aالموسوعة الأم في تربية الأولاد : _bموسوعة تربوية في العبادات و المعاملات و الآداب و الأخلاق / |
| 250 | _aط جديدة منقحة و مزيدة | ||
| 264 | 1 |
_aالقاهرة : _bدار ابن الجوزي، _c2005. |
|
| 300 | _a2ج. | ||
| 650 | 1 | 7 | _aالإسلام |
| 650 | 1 | 7 | _aتنشئة الأطفال |
| 700 | 1 | _aالألباني، ناصر الدين | |
| 700 | 1 | _aالعثيمين، محمد الصالح | |
| 700 | 1 | _aالفوزان، صالح | |
| 942 |
_2ddc _cREF |
||
| 999 |
_c107708 _d107708 |
||